Nanoscale Horizons

Détails bibliographiques
Format: Électronique Revue
Langue:English
Publié: Royal Society of Chemistry
Sujets:
Accès en ligne:Full text available on Royal Society of Chemistry
Off-campus access
LEADER 00947cas a2200217 a 4500
001 AALejournalRSC000031
008 230102c9999 xx r poo 0 0eng d
022 |a 2055-6756  
022 |a 2055-6764 
040 |a BD-DhAAL  |c BD-DhAAL 
245 0 0 |h [electronic resource]  |a Nanoscale Horizons 
260 |b Royal Society of Chemistry 
300 |a 1 online resource 
362 0 |a Vol. 1, no. 1 
500 |a <strong>Off-Campus Access:</strong> Athens ID and Password Required 
500 |a <strong>On-Campus Access:</strong> No User ID or Password Required 
506 |a Electronic access restricted to authorized BRAC University faculty, staff and students 
538 |a Mode of access: Internet 
650 4 |a Chemistry 
856 4 0 |z Full text available on Royal Society of Chemistry  |u https://doi.org/10.1039/2055-6764/2016 
856 4 0 |z Off-campus access  |u https://go.openathens.net/redirector/bracu.ac.bd?url=https%3A%2F%2Fdoi.org%2F10.1039%2F2055-6764%2F2016